[Event "Stay Safe Play From Home 377"]
[Site "Emanuel Lasker Arena"]
[Date "2020.08.12"]
[Round "8"]
[White "SoulofWolf"]
[Black "Mepe_Nika"]
[Result "1/2-1/2"]
[WhiteElo "2159"]
[BlackElo "2366"]
[PlyCount "169"]
[EventDate "2020.08.12"]
[EventType "swiss (blitz)"]

1. Nf3 {[%emt 0:00:00]} d5 {[%emt 0:00:01]} 2. c4 {[%emt 0:00:00]} c6 {[%emt 0:00:01]} 3. e3 {[%emt 0:00:00]} Nf6 {[%emt 0:00:01]} 4. b3 {[%emt 0:00:00]} e6 {[%emt 0:00:00]} 5. Bb2 {[%emt 0:00:00]} Bd6 {[%emt 0:00:00]} 6. a3 {[%emt 0:00:00]} Nbd7 {[%emt 0:00:03]} 7. Be2 {[%emt 0:00:00]} e5 {[%emt 0:00:01]} 8. d3 {[%emt 0:00:00]} O-O {[%emt 0:00:01]} 9. O-O {[%emt 0:00:00]} Re8 {[%emt 0:00:00]} 10. Nbd2 {[%emt 0:00:00]} Nf8 {[%emt 0:00:01]} 11. Qc2 {[%emt 0:00:00]} Ng6 {[%emt 0:00:00]} 12. Rfe1 {[%emt 0:00:00]} e4 {[%emt 0:00:01]} 13. dxe4 {[%emt 0:00:02]} Nxe4 {[%emt 0:00:01]} 14. Nxe4 {[%emt 0:00:01]} dxe4 {[%emt 0:00:00]} 15. Nd2 {[%emt 0:00:01]} Bf5 {[%emt 0:00:01]} 16. Nf1 {[%emt 0:00:02]} Ne5 {[%emt 0:00:01]} 17. Bc3 {[%emt 0:00:01]} Nd3 {[%emt 0:00:01]} 18. Red1 {[%emt 0:00:02]} Qh4 {[%emt 0:00:01]} 19. g3 {[%emt 0:00:02]} Qg5 {[%emt 0:00:04]} 20. Bxd3 {[%emt 0:00:02]} exd3 {[%emt 0:00:00]} 21. Qd2 {[%emt 0:00:01]} Rad8 {[%emt 0:00:01]} 22. f3 {[%emt 0:00:02]} Bc5 {[%emt 0:00:02]} 23. f4 {[%emt 0:00:04]} Qg4 {[%emt 0:00:01]} 24. Qf2 {[%emt 0:00:04]} Be4 {[%emt 0:00:03]} 25. b4 {[%emt 0:00:01]} Be7 {[%emt 0:00:04]} 26. c5 {[%emt 0:00:01]} Qe6 {[%emt 0:00:01]} 27. Bd4 {[%emt 0:00:01]} Bf6 {[%emt 0:00:01]} 28. Bxf6 {[%emt 0:00:02]} Qxf6 {[%emt 0:00:00]} 29. Ra2 {[%emt 0:00:01]} Qe6 {[%emt 0:00:01]} 30. Rad2 {[%emt 0:00:01]} Qb3 {[%emt 0:00:02]} 31. h3 {[%emt 0:00:02]} Qxa3 {[%emt 0:00:01]} 32. Nh2 {[%emt 0:00:00]} Qxb4 {[%emt 0:00:01]} 33. Ng4 {[%emt 0:00:01]} Qxc5 {[%emt 0:00:02]} 34. Ne5 {[%emt 0:00:00]} f6 {[%emt 0:00:02]} 35. Ng4 {[%emt 0:00:01]} Bf5 {[%emt 0:00:02]} 36. Kg2 {[%emt 0:00:02]} Bxg4 {[%emt 0:00:01]} 37. hxg4 {[%emt 0:00:00]} Qxe3 {[%emt 0:00:01]} 38. Qxe3 {[%emt 0:00:01]} Rxe3 {[%emt 0:00:00]} 39. Kf2 {[%emt 0:00:00]} Re7 {[%emt 0:00:02]} 40. Rxd3 {[%emt 0:00:01]} Rxd3 {[%emt 0:00:00]} 41. Rxd3 {[%emt 0:00:00]} Rc7 {[%emt 0:00:00]} 42. Rb3 {[%emt 0:00:01]} b5 {[%emt 0:00:01]} 43. Ke3 {[%emt 0:00:00]} a6 {[%emt 0:00:01]} 44. Kd3 {[%emt 0:00:00]} c5 {[%emt 0:00:01]} 45. Kc3 {[%emt 0:00:00]} c4 {[%emt 0:00:00]} 46. Rb1 {[%emt 0:00:00]} Rb7 {[%emt 0:00:01]} 47. f5 {[%emt 0:00:00]} a5 {[%emt 0:00:01]} 48. Ra1 {[%emt 0:00:01]} a4 {[%emt 0:00:01]} 49. Rb1 {[%emt 0:00:01]} b4+ {[%emt 0:00:01]} 50. Kxc4 {[%emt 0:00:01]} b3 {[%emt 0:00:01]} 51. Kc3 {[%emt 0:00:01]} Kf7 {[%emt 0:00:02]} 52. Ra1 {[%emt 0:00:04]} Rc7+ {[%emt 0:00:01]} 53. Kb2 {[%emt 0:00:01]} Rc2+ {[%emt 0:00:01]} 54. Ka3 {[%emt 0:00:00]} Ra2+ {[%emt 0:00:01]} 55. Rxa2 {[%emt 0:00:01]} bxa2 {[%emt 0:00:00]} 56. Kxa2 {[%emt 0:00:00]} Ke7 {[%emt 0:00:00]} 57. g5 {[%emt 0:00:00]} Kd6 {[%emt 0:00:00]} 58. g6 {[%emt 0:00:00]} hxg6 {[%emt 0:00:02]} 59. fxg6 {[%emt 0:00:00]} Ke5 {[%emt 0:00:00]} 60. Ka3 {[%emt 0:00:00]} Kf5 {[%emt 0:00:01]} 61. g4+ {[%emt 0:00:00]} Kg5 {[%emt 0:00:00]} 62. Kxa4 {[%emt 0:00:01]} Kxg6 {[%emt 0:00:00]} 63. Kb3 {[%emt 0:00:00]} Kg5 {[%emt 0:00:00]} 64. Kc2 {[%emt 0:00:00]} Kxg4 {[%emt 0:00:00]} 65. Kd1 {[%emt 0:00:00]} f5 {[%emt 0:00:00]} 66. Ke1 {[%emt 0:00:00]} f4 {[%emt 0:00:00]} 67. Kf1 {[%emt 0:00:00]} f3 {[%emt 0:00:00]} 68. Kg1 {[%emt 0:00:00]} Kf4 {[%emt 0:00:00]} 69. Kh1 {[%emt 0:00:00]} g5 {[%emt 0:00:00]} 70. Kg1 {[%emt 0:00:00]} g4 {[%emt 0:00:00]} 71. Kf1 {[%emt 0:00:00]} g3 {[%emt 0:00:00]} 72. Kg1 {[%emt 0:00:00]} Ke3 {[%emt 0:00:00]} 73. Kf1 {[%emt 0:00:00]} Kd2 {[%emt 0:00:00]} 74. Kg1 {[%emt 0:00:00]} Ke2 {[%emt 0:00:00]} 75. Kh1 {[%emt 0:00:01]} f2 {[%emt 0:00:00]} 76. Kg2 {[%emt 0:00:00]} f1=Q+ {[%emt 0:00:00]} 77. Kxg3 {[%emt 0:00:00]} Qf2+ {[%emt 0:00:00]} 78. Kg4 {[%emt 0:00:01]} Qf1 {[%emt 0:00:00]} 79. Kg5 {[%emt 0:00:00]} Qf2 {[%emt 0:00:00]} 80. Kg6 {[%emt 0:00:00]} Qf3 {[%emt 0:00:00]} 81. Kg5 {[%emt 0:00:00]} Ke3 {[%emt 0:00:00]} 82. Kg6 {[%emt 0:00:01]} Qf4 {[%emt 0:00:00]} 83. Kh5 {[%emt 0:00:01]} Ke4 {[%emt 0:00:00]} 84. Kg6 {[%emt 0:00:00]} Qg3+ {[%emt 0:00:00]} 85. Kf7 {[%emt 0:00:01] (Lag: Av=0.34s, max=0.9s) (Lag: Av=0.34s, max=0.9s) (Lag: Av=0.34s, max=0.9s)} 1/2-1/2

[Event "Stay Safe Play From Home 377"]
[Site "Emanuel Lasker Arena"]
[Date "2020.08.12"]
[Round "8"]
[White "Hickey"]
[Black "TheCHESSHOUSE"]
[Result "1-0"]
[WhiteElo "2104"]
[BlackElo "2001"]
[PlyCount "111"]
[EventDate "2020.08.12"]
[EventType "swiss (blitz)"]

1. Nf3 {[%emt 0:00:07]} Nf6 {[%emt 0:00:01]} 2. g3 {[%emt 0:00:00]} g6 {[%emt 0:00:01]} 3. Bg2 {[%emt 0:00:00]} Bg7 {[%emt 0:00:00]} 4. O-O {[%emt 0:00:00]} d6 {[%emt 0:00:01]} 5. d4 {[%emt 0:00:04]} O-O {[%emt 0:00:00]} 6. b3 {[%emt 0:00:00]} c6 {[%emt 0:00:01]} 7. Bb2 {[%emt 0:00:00]} Nbd7 {[%emt 0:00:01]} 8. Nbd2 {[%emt 0:00:00]} Rb8 {[%emt 0:00:00]} 9. e4 {[%emt 0:00:00]} b5 {[%emt 0:00:01]} 10. a4 {[%emt 0:00:02]} a6 {[%emt 0:00:01]} 11. Qe2 {[%emt 0:00:01]} Bb7 {[%emt 0:00:01]} 12. axb5 {[%emt 0:00:02]} cxb5 {[%emt 0:00:01]} 13. e5 {[%emt 0:00:01]} Nd5 {[%emt 0:00:02]} 14. c4 {[%emt 0:00:01]} bxc4 {[%emt 0:00:02]} 15. bxc4 {[%emt 0:00:00]} Nb4 {[%emt 0:00:00]} 16. Bc3 {[%emt 0:00:01]} a5 {[%emt 0:00:03]} 17. Nb3 {[%emt 0:00:02]} dxe5 {[%emt 0:00:01]} 18. d5 {[%emt 0:00:02]} Ra8 {[%emt 0:00:03]} 19. Nxa5 {[%emt 0:00:01]} Rxa5 {[%emt 0:00:01]} 20. Bxb4 {[%emt 0:00:01]} Rxa1 {[%emt 0:00:01]} 21. Rxa1 {[%emt 0:00:00]} Bf6 {[%emt 0:00:02]} 22. Ra7 {[%emt 0:00:01]} Qb6 {[%emt 0:00:01]} 23. Rxb7 {[%emt 0:00:03]} Qxb7 {[%emt 0:00:02]} 24. Bc3 {[%emt 0:00:00]} Rc8 {[%emt 0:00:02]} 25. Nxe5 {[%emt 0:00:02]} Nxe5 {[%emt 0:00:01]} 26. Bxe5 {[%emt 0:00:00]} Qb1+ {[%emt 0:00:01]} 27. Bf1 {[%emt 0:00:01]} Bxe5 {[%emt 0:00:01]} 28. Qxe5 {[%emt 0:00:00]} Rxc4 {[%emt 0:00:01]} 29. Qxe7 {[%emt 0:00:02]} Rc1 {[%emt 0:00:09]} 30. Qe8+ {[%emt 0:00:01]} Kg7 {[%emt 0:00:01]} 31. Qe5+ {[%emt 0:00:00]} Kg8 {[%emt 0:00:01]} 32. Qe8+ {[%emt 0:00:02]} Kg7 {[%emt 0:00:00]} 33. Qe5+ {[%emt 0:00:01]} Kg8 {[%emt 0:00:00]} 34. Qe2 {[%emt 0:00:01]} Qf5 {[%emt 0:00:06]} 35. Qe8+ {[%emt 0:00:02]} Kg7 {[%emt 0:00:01]} 36. d6 {[%emt 0:00:00]} Rd1 {[%emt 0:00:01]} 37. d7 {[%emt 0:00:05]} Rxd7 {[%emt 0:00:02]} 38. Qe3 {[%emt 0:00:01]} Rd6 {[%emt 0:00:01]} 39. h4 {[%emt 0:00:01]} Rf6 {[%emt 0:00:01]} 40. Qd4 {[%emt 0:00:00]} h5 {[%emt 0:00:01]} 41. Bd3 {[%emt 0:00:01]} Qf3 {[%emt 0:00:01]} 42. Bf1 {[%emt 0:00:02]} Kh6 {[%emt 0:00:01]} 43. Bg2 {[%emt 0:00:00]} Kh7 {[%emt 0:00:00]} 44. Bxf3 {[%emt 0:00:01]} Rxf3 {[%emt 0:00:00]} 45. Qe4 {[%emt 0:00:00]} Rf5 {[%emt 0:00:00]} 46. Qxf5 {[%emt 0:00:01]} Kh6 {[%emt 0:00:00]} 47. Kg2 {[%emt 0:00:00]} gxf5 {[%emt 0:00:00]} 48. Kf3 {[%emt 0:00:00]} Kg6 {[%emt 0:00:00]} 49. Kf4 {[%emt 0:00:00]} f6 {[%emt 0:00:00]} 50. Kf3 {[%emt 0:00:00]} Kg7 {[%emt 0:00:00]} 51. Kf4 {[%emt 0:00:00]} Kg6 {[%emt 0:00:00]} 52. f3 {[%emt 0:00:01]} Kh6 {[%emt 0:00:00]} 53. Kxf5 {[%emt 0:00:00]} Kh7 {[%emt 0:00:01]} 54. g4 {[%emt 0:00:00]} Kg7 {[%emt 0:00:00]} 55. g5 {[%emt 0:00:01]} fxg5 {[%emt 0:00:01]} 56. Kxg5 {[%emt 0:00:00] ' ' ' (Lag: Av=0.91s, max=1.2s) (Lag: Av=0.91s, max=1.2s) (Lag: Av=0.91s, max=1.2s)} 1-0

[Event "Stay Safe Play From Home 377"]
[Site "Emanuel Lasker Arena"]
[Date "2020.08.12"]
[Round "8"]
[White "CabianoFaruana"]
[Black "Ao017545"]
[Result "1-0"]
[WhiteElo "1976"]
[BlackElo "1518"]
[Annotator "NA"]
[PlyCount "89"]
[EventDate "2020.08.12"]
[EventType "swiss (blitz)"]

1. e4 {[%emt 0:00:01]} e6 {[%emt 0:00:01]} 2. d4 {[%emt 0:00:01]} Nf6 {[%emt 0:00:02]} 3. e5 {[%emt 0:00:01]} Ne4 {[%emt 0:00:01]} 4. Nf3 {[%emt 0:00:00]} d5 {[%emt 0:00:04]} 5. Bd3 {[%emt 0:00:01]} f5 {[%emt 0:00:02]} 6. exf6 {[%emt 0:00:01]} Nxf6 {[%emt 0:00:00]} 7. c3 {[%emt 0:00:01]} Bd6 {[%emt 0:00:00]} 8. O-O {[%emt 0:00:00]} O-O {[%emt 0:00:00]} 9. Bg5 {[%emt 0:00:01]} h6 {[%emt 0:00:02]} 10. Bh4 {[%emt 0:00:01]} g5 {[%emt 0:00:03]} 11. Bg3 {[%emt 0:00:00]} Bxg3 {[%emt 0:00:01]} 12. hxg3 {[%emt 0:00:00]} g4 {[%emt 0:00:01]} 13. Ne5 {[%emt 0:00:01]} h5 {[%emt 0:00:04]} 14. f3 {[%emt 0:00:01]} Nbd7 {[%emt 0:00:01]} 15. Nxd7 {[%emt 0:00:02]} Bxd7 {[%emt 0:00:01]} 16. Nd2 {[%emt 0:00:00]} gxf3 {[%emt 0:00:01]} 17. Qxf3 {[%emt 0:00:01]} Qe7 {[%emt 0:00:01]} 18. Rae1 {[%emt 0:00:01]} Qg7 {[%emt 0:00:00]} 19. Re3 {[%emt 0:00:02]} Ng4 {[%emt 0:00:00]} 20. Qxf8+ {[%emt 0:00:02]} Rxf8 {[%emt 0:00:02]} 21. Rxf8+ {[%emt 0:00:01]} Qxf8 {[%emt 0:00:04]} 22. Rf3 {[%emt 0:00:01]} Qg7 {[%emt 0:00:03]} 23. Nb3 {[%emt 0:00:01]} e5 {[%emt 0:00:01]} 24. Nc5 {[%emt 0:00:03]} e4 {[%emt 0:00:01]} 25. Nxe4 {[%emt 0:00:03]} dxe4 {[%emt 0:00:01]} 26. Bc4+ {[%emt 0:00:00]} Kh8 {[%emt 0:00:03]} 27. Rf7 {[%emt 0:00:01]} Qh6 {[%emt 0:00:05]} 28. Rxd7 {[%emt 0:00:02]} Qc1+ {[%emt 0:00:01]} 29. Bf1 {[%emt 0:00:00]} Ne3 {[%emt 0:00:02]} 30. Rf7 {[%emt 0:00:01]} Nxf1 {[%emt 0:00:02]} 31. Rxf1 {[%emt 0:00:00]} Qe3+ {[%emt 0:00:01]} 32. Kh2 {[%emt 0:00:01]} Qxg3+ {[%emt 0:00:00]} 33. Kxg3 {[%emt 0:00:01]} h4+ {[%emt 0:00:00]} 34. Kxh4 {[%emt 0:00:01]} Kg7 {[%emt 0:00:01]} 35. Re1 {[%emt 0:00:00]} Kg6 {[%emt 0:00:01]} 36. Rxe4 {[%emt 0:00:00]} Kf5 {[%emt 0:00:00]} 37. Re5+ {[%emt 0:00:00]} Kf6 {[%emt 0:00:00]} 38. g4 {[%emt 0:00:00]} c6 {[%emt 0:00:01]} 39. g5+ {[%emt 0:00:00]} Kf7 {[%emt 0:00:02]} 40. Kg4 {[%emt 0:00:00]} b6 {[%emt 0:00:00]} 41. Kf5 {[%emt 0:00:00]} a6 {[%emt 0:00:00]} 42. Re6 {[%emt 0:00:00]} c5 {[%emt 0:00:00]} 43. Rxb6 {[%emt 0:00:00]} cxd4 {[%emt 0:00:01]} 44. cxd4 {[%emt 0:00:00]} Ke7 {[%emt 0:00:02]} 45. Rxa6 {[%emt 0:00:00] (Lag: Av=0.74s, max=1.0s) (Lag: Av=0.74s, max=1.0s) (Lag: Av=0.74s, max=1.0s)} 1-0

[Event "Stay Safe Play From Home 377"]
[Site "Emanuel Lasker Arena"]
[Date "2020.08.12"]
[Round "8"]
[White "buzaglo"]
[Black "Mandy"]
[Result "1-0"]
[WhiteElo "1858"]
[BlackElo "856"]
[Annotator "NA"]
[PlyCount "39"]
[EventDate "2020.08.12"]
[EventType "swiss (blitz)"]

1. d4 {[%emt 0:00:01]} d5 {[%emt 0:00:02]} 2. Nf3 {[%emt 0:00:03]} c6 {[%emt 0:00:01]} 3. g3 {[%emt 0:00:00]} Nd7 {[%emt 0:00:02]} 4. Bg2 {[%emt 0:00:00]} Ngf6 {[%emt 0:00:01]} 5. O-O {[%emt 0:00:00]} e6 {[%emt 0:00:01]} 6. c4 {[%emt 0:00:00]} Bd6 {[%emt 0:00:05]} 7. cxd5 {[%emt 0:00:00]} exd5 {[%emt 0:00:03]} 8. Nc3 {[%emt 0:00:01]} O-O {[%emt 0:00:05]} 9. Re1 {[%emt 0:00:00]} b6 {[%emt 0:00:02]} 10. e4 {[%emt 0:00:01]} dxe4 {[%emt 0:00:05]} 11. Nxe4 {[%emt 0:00:00]} Bb4 {[%emt 0:00:08]} 12. Nxf6+ {[%emt 0:00:01]} Kh8 {[%emt 0:00:05]} 13. Bd2 {[%emt 0:00:00]} Bxd2 {[%emt 0:00:02]} 14. Nxd7 {[%emt 0:00:02]} Bxe1 {[%emt 0:00:02]} 15. Nxf8 {[%emt 0:00:01]} Qxf8 {[%emt 0:00:02]} 16. Qxe1 {[%emt 0:00:01]} c5 {[%emt 0:00:07]} 17. Ne5 {[%emt 0:00:01]} f6 {[%emt 0:00:02]} 18. Bxa8 {[%emt 0:00:01]} Bh3 {[%emt 0:00:06]} 19. Bg2 {[%emt 0:00:03]} Bxg2 {[%emt 0:00:02]} 20. Kxg2 {[%emt 0:00:00] (Lag: Av=0.65s, max=1.2s) (Lag: Av=0.65s, max=1.2s) (Lag: Av=0.65s, max=1.2s)} 1-0

[Event "Stay Safe Play From Home 377"]
[Site "Emanuel Lasker Arena"]
[Date "2020.08.12"]
[Round "8"]
[White "Klasman"]
[Black "Stepmaker"]
[Result "0-1"]
[WhiteElo "1295"]
[BlackElo "1419"]
[Annotator "NA"]
[PlyCount "62"]
[EventDate "2020.08.12"]
[EventType "swiss (blitz)"]

1. f4 {[%emt 0:00:02]} e6 {[%emt 0:00:01]} 2. Nf3 {[%emt 0:00:02]} d5 {[%emt 0:00:00]} 3. c4 {[%emt 0:00:01]} c6 {[%emt 0:00:01]} 4. Nc3 {[%emt 0:00:02]} Nd7 {[%emt 0:00:02]} 5. d4 {[%emt 0:00:01]} Bb4 {[%emt 0:00:01]} 6. cxd5 {[%emt 0:00:02]} cxd5 {[%emt 0:00:01]} 7. e3 {[%emt 0:00:01]} Qa5 {[%emt 0:00:02]} 8. Qb3 {[%emt 0:00:03]} Bxc3+ {[%emt 0:00:01]} 9. bxc3 {[%emt 0:00:02]} Nb6 {[%emt 0:00:02]} 10. Ba3 {[%emt 0:00:02]} Nc4 {[%emt 0:00:02]} 11. Bxc4 {[%emt 0:00:02]} dxc4 {[%emt 0:00:03]} 12. Qb4 {[%emt 0:00:01]} Qxb4 {[%emt 0:00:02]} 13. Bxb4 {[%emt 0:00:01]} Nf6 {[%emt 0:00:01]} 14. Ne5 {[%emt 0:00:02]} Bd7 {[%emt 0:00:02]} 15. O-O {[%emt 0:00:02]} a5 {[%emt 0:00:05]} 16. Bc5 {[%emt 0:00:03]} Nd5 {[%emt 0:00:08]} 17. Nxc4 {[%emt 0:00:04]} Nxc3 {[%emt 0:00:03]} 18. Nd6+ {[%emt 0:00:02]} Kd8 {[%emt 0:00:02]} 19. Nxb7+ {[%emt 0:00:02]} Kc7 {[%emt 0:00:01]} 20. Nd6 {[%emt 0:00:05]} Nd5 {[%emt 0:00:02]} 21. Nxf7 {[%emt 0:00:03]} Rhb8 {[%emt 0:00:04]} 22. Bd6+ {[%emt 0:00:02]} Kc6 {[%emt 0:00:02]} 23. Bxb8 {[%emt 0:00:01]} Rxb8 {[%emt 0:00:00]} 24. Ne5+ {[%emt 0:00:01]} Kc7 {[%emt 0:00:02]} 25. Rfc1+ {[%emt 0:00:01]} Kd8 {[%emt 0:00:01]} 26. Nxd7 {[%emt 0:00:01]} Nxe3 {[%emt 0:00:01]} 27. Ne5 {[%emt 0:00:02]} Nd5 {[%emt 0:00:01]} 28. Rc5 {[%emt 0:00:01]} Ke7 {[%emt 0:00:01]} 29. Rxa5 {[%emt 0:00:01]} Kf6 {[%emt 0:00:00]} 30. g4 {[%emt 0:00:02]} Rb1+ {[%emt 0:00:00]} 31. Rxb1 {[%emt 0:00:02]} Nc3 {[%emt 0:00:00] Time Time Time (Lag: Av=0.37s, max=0.8s) (Lag: Av=0.37s, max=0.8s) (Lag: Av=0.37s, max=0.8s)} 0-1

[Event "Stay Safe Play From Home 377"]
[Site "Emanuel Lasker Arena"]
[Date "2020.08.12"]
[Round "9"]
[White "NTBT_DHS"]
[Black "CabianoFaruana"]
[Result "1-0"]
[WhiteElo "2574"]
[BlackElo "1984"]
[PlyCount "57"]
[EventDate "2020.08.12"]
[EventType "swiss (blitz)"]

1. d4 {[%emt 0:00:01]} d5 {[%emt 0:00:01]} 2. Nc3 {[%emt 0:00:00]} c6 {[%emt 0:00:00]} 3. Bf4 {[%emt 0:00:01]} Nf6 {[%emt 0:00:00]} 4. f3 {[%emt 0:00:01]} e6 {[%emt 0:00:00]} 5. Qd3 {[%emt 0:00:00]} Bd6 {[%emt 0:00:00]} 6. Nh3 {[%emt 0:00:01]} Qe7 {[%emt 0:00:01]} 7. e4 {[%emt 0:00:01]} dxe4 {[%emt 0:00:01]} 8. fxe4 {[%emt 0:00:00]} Bxf4 {[%emt 0:00:02]} 9. Nxf4 {[%emt 0:00:01]} Nbd7 {[%emt 0:00:00]} 10. e5 {[%emt 0:00:01]} Nd5 {[%emt 0:00:01]} 11. g3 {[%emt 0:00:01]} b6 {[%emt 0:00:03]} 12. Ne4 {[%emt 0:00:01]} Nxf4 {[%emt 0:00:02]} 13. gxf4 {[%emt 0:00:01]} Kd8 {[%emt 0:00:04]} 14. Nd6 {[%emt 0:00:01]} Kc7 {[%emt 0:00:01]} 15. c4 {[%emt 0:00:01]} a5 {[%emt 0:00:01]} 16. Bg2 {[%emt 0:00:02]} Bb7 {[%emt 0:00:02]} 17. Qe4 {[%emt 0:00:05]} Nb8 {[%emt 0:00:06]} 18. O-O-O {[%emt 0:00:01]} f5 {[%emt 0:00:02]} 19. Qf3 {[%emt 0:00:02]} g6 {[%emt 0:00:01]} 20. h4 {[%emt 0:00:01]} Rc8 {[%emt 0:00:02]} 21. h5 {[%emt 0:00:01]} Rd8 {[%emt 0:00:03]} 22. hxg6 {[%emt 0:00:01]} hxg6 {[%emt 0:00:00]} 23. c5 {[%emt 0:00:02]} b5 {[%emt 0:00:07]} 24. Nxb5+ {[%emt 0:00:02]} Kc8 {[%emt 0:00:04]} 25. Nd6+ {[%emt 0:00:01]} Kc7 {[%emt 0:00:00]} 26. Rh6 {[%emt 0:00:02]} Qg7 {[%emt 0:00:01]} 27. Rdh1 {[%emt 0:00:01]} Rd7 {[%emt 0:00:01]} 28. Qb3 {[%emt 0:00:03]} Ra7 {[%emt 0:00:01]} 29. Ne8+ {[%emt 0:00:02] CabianoFaruana resigns CabianoFaruana resigns CabianoFaruana resigns (Lag: Av=0.73s, max=1.0s) (Lag: Av=0.73s, max=1.0s) (Lag: Av=0.73s, max=1.0s)} 1-0

[Event "Stay Safe Play From Home 377"]
[Site "Emanuel Lasker Arena"]
[Date "2020.08.12"]
[Round "9"]
[White "Tolka"]
[Black "MihailoVujic"]
[Result "1-0"]
[WhiteElo "2314"]
[BlackElo "2242"]
[PlyCount "121"]
[EventDate "2020.08.12"]
[EventType "swiss (blitz)"]

1. e4 {[%emt 0:00:00]} e5 {[%emt 0:00:01]} 2. Nc3 {[%emt 0:00:00]} Nc6 {[%emt 0:00:01]} 3. Nf3 {[%emt 0:00:00]} Nf6 {[%emt 0:00:01]} 4. Bb5 {[%emt 0:00:00]} Bd6 {[%emt 0:00:02]} 5. d3 {[%emt 0:00:01]} a6 {[%emt 0:00:01]} 6. Bc4 {[%emt 0:00:00]} Bc5 {[%emt 0:00:01]} 7. Be3 {[%emt 0:00:01]} Bxe3 {[%emt 0:00:02]} 8. fxe3 {[%emt 0:00:00]} h6 {[%emt 0:00:00]} 9. O-O {[%emt 0:00:01]} O-O {[%emt 0:00:01]} 10. a3 {[%emt 0:00:01]} d6 {[%emt 0:00:00]} 11. Qe1 {[%emt 0:00:01]} Be6 {[%emt 0:00:00]} 12. Nd2 {[%emt 0:00:02]} Bxc4 {[%emt 0:00:01]} 13. Nxc4 {[%emt 0:00:00]} d5 {[%emt 0:00:01]} 14. Rxf6 {[%emt 0:00:03]} Qxf6 {[%emt 0:00:02]} 15. Nxd5 {[%emt 0:00:01]} Qg5 {[%emt 0:00:01]} 16. Qf2 {[%emt 0:00:04]} f5 {[%emt 0:00:01]} 17. Nxc7 {[%emt 0:00:01]} Rac8 {[%emt 0:00:02]} 18. Ne6 {[%emt 0:00:01]} Qf6 {[%emt 0:00:02]} 19. Nxf8 {[%emt 0:00:01]} Rxf8 {[%emt 0:00:01]} 20. Qxf5 {[%emt 0:00:01]} Qxf5 {[%emt 0:00:01]} 21. exf5 {[%emt 0:00:00]} Rxf5 {[%emt 0:00:00]} 22. Rf1 {[%emt 0:00:00]} Rxf1+ {[%emt 0:00:01]} 23. Kxf1 {[%emt 0:00:00]} b5 {[%emt 0:00:01]} 24. Nd6 {[%emt 0:00:02]} Kf8 {[%emt 0:00:01]} 25. Ne4 {[%emt 0:00:01]} Ke7 {[%emt 0:00:01]} 26. b4 {[%emt 0:00:01]} Ke6 {[%emt 0:00:01]} 27. Nc5+ {[%emt 0:00:01]} Kd5 {[%emt 0:00:01]} 28. Nxa6 {[%emt 0:00:00]} e4 {[%emt 0:00:01]} 29. Nc7+ {[%emt 0:00:01]} Ke5 {[%emt 0:00:01]} 30. Nxb5 {[%emt 0:00:01]} exd3 {[%emt 0:00:00]} 31. cxd3 {[%emt 0:00:00]} Kd5 {[%emt 0:00:01]} 32. Ke2 {[%emt 0:00:01]} Ne5 {[%emt 0:00:01]} 33. Nc3+ {[%emt 0:00:01]} Kc6 {[%emt 0:00:01]} 34. e4 {[%emt 0:00:01]} Nd7 {[%emt 0:00:01]} 35. d4 {[%emt 0:00:01]} Nf6 {[%emt 0:00:01]} 36. Ke3 {[%emt 0:00:01]} Kd6 {[%emt 0:00:00]} 37. e5+ {[%emt 0:00:01]} Ke6 {[%emt 0:00:01]} 38. exf6 {[%emt 0:00:00]} Kxf6 {[%emt 0:00:01]} 39. a4 {[%emt 0:00:00]} g5 {[%emt 0:00:00]} 40. g4 {[%emt 0:00:01]} Kg6 {[%emt 0:00:00]} 41. Ke4 {[%emt 0:00:01]} h5 {[%emt 0:00:00]} 42. h3 {[%emt 0:00:01]} hxg4 {[%emt 0:00:00]} 43. hxg4 {[%emt 0:00:00]} Kf6 {[%emt 0:00:01]} 44. d5 {[%emt 0:00:00]} Kg6 {[%emt 0:00:00]} 45. Ke5 {[%emt 0:00:00]} Kf7 {[%emt 0:00:01]} 46. Ne4 {[%emt 0:00:00]} Ke7 {[%emt 0:00:01]} 47. b5 {[%emt 0:00:00]} Kd7 {[%emt 0:00:01]} 48. a5 {[%emt 0:00:00]} Kc7 {[%emt 0:00:00]} 49. Nxg5 {[%emt 0:00:00]} Kb7 {[%emt 0:00:00]} 50. Ne4 {[%emt 0:00:00]} Ka7 {[%emt 0:00:01]} 51. g5 {[%emt 0:00:00]} Kb7 {[%emt 0:00:00]} 52. g6 {[%emt 0:00:00]} Ka7 {[%emt 0:00:00]} 53. Ke6 {[%emt 0:00:00]} Kb7 {[%emt 0:00:00]} 54. Ke7 {[%emt 0:00:00]} Ka7 {[%emt 0:00:01]} 55. g7 {[%emt 0:00:00]} Kb7 {[%emt 0:00:00]} 56. g8=Q {[%emt 0:00:02]} Ka7 {[%emt 0:00:00]} 57. Qe6 {[%emt 0:00:01]} Kb7 {[%emt 0:00:01]} 58. Qd7+ {[%emt 0:00:01]} Ka8 {[%emt 0:00:01]} 59. b6 {[%emt 0:00:01]} Kb8 {[%emt 0:00:01]} 60. Qc7+ {[%emt 0:00:01]} Ka8 {[%emt 0:00:01]} 61. Qa7# {[%emt 0:00:00] (Lag: Av=0.64s, max=1.5s) (Lag: Av=0.64s, max=1.5s) (Lag: Av=0.64s, max=1.5s)} 1-0